000
00318nam a2200109Ia 4500
008
200302s9999 xx 000 0 und d
100
_a
Mona Doctor-Pingel
245
_a
Auroville Architects Monograph Series Poppo Pingel
260
_b
National Institute for Advanced Studies in Architect
260
_c
2011
300
_a
202
999
_c
3684
_d
3684